Ekonomia przyszłości państwo efektywne czy sprawiedliwe?
Uložené v:
| Korporativný autor: | |
|---|---|
| Ďalší autori: | , , , , |
| Médium: | Kniha |
| Jazyk: | Polish English |
| Vydavateľské údaje: |
Cracow
Foundation of the Cracow University of Economics
2018
|
| Vydanie: | 1. edycja |
| Predmet: | |
| Tagy: |
Žiadne tagy, Buďte prvý, kto otaguje tento záznam!
|
MARC
| LEADER | 00000nlm a2200000 4500 | ||
|---|---|---|---|
| 001 | 0245524 | ||
| 005 | 20240514075417.8 | ||
| 020 | |a 978-83-65907-15-8 | ||
| 020 | |a 978-83-65907-16-5 | ||
| 041 | 0 | |a pol | |
| 041 | 0 | |a eng | |
| 044 | |a PL | ||
| 245 | 1 | 0 | |a Ekonomia przyszłości |b państwo efektywne czy sprawiedliwe? |c pod redakcją naukową Stanislawa Lisa, Kazimierza Zielińskiego, redakcją naukowa (współpraca): Maria Urbaniec ; recenzenci: Wacław Jarmołowicz, Andrzej Prusek |
| 250 | |a 1. edycja | ||
| 264 | 1 | |a Cracow |b Foundation of the Cracow University of Economics |c 2018 | |
| 300 | |a online 436 s. | ||
| 610 | 2 | 0 | |a hospodárstvo národné |
| 610 | 2 | 0 | |a hospodárstvo svetové |
| 610 | 2 | 0 | |a politika hospodárska |
| 610 | 2 | 0 | |a rozvoj sociálno-ekonomický |
| 610 | 2 | 0 | |a investície priame zahraničné |
| 610 | 2 | 0 | |a Slovensko |
| 610 | 2 | 0 | |a Poľsko |
| 610 | 2 | 0 | |a Bielorusko |
| 610 | 2 | 0 | |a Portugalsko |
| 610 | 2 | 0 | |a Čína |
| 610 | 2 | 0 | |a konkurencia |
| 610 | 2 | 0 | |a podnikanie |
| 610 | 2 | 0 | |a trh kapitálový |
| 610 | 2 | 0 | |a starostlivosť zdravotná |
| 610 | 2 | 0 | |a Ukrajina |
| 700 | 1 | |a Lis, Stanislaw | |
| 700 | 1 | |a Zieliński, Kazimierz | |
| 700 | 1 | |a Urbaniec, Maria | |
| 700 | 1 | |a Jarmołowicz, Wacław | |
| 700 | 1 | |a Prusek, Andrzej | |
| 710 | 2 | |a Uniwersytet Ekonomiczny w Krakowie | |